00253nam a22000977a 4500082001000000100001400010245005800024260005100082300000800133650001400141 a667.2 aBradley,W aRecent Progress in the Chemistry of dyes and pigments aLondonbThe royal institute of chemistryc1958 a94p aChemistry